Online Catalogue and eLibrary

Reframing democracy : (Record no. 428)

MARC details
000 -LEADER
fixed length control field 00763cam a2200205 i 4500
001 - CONTROL NUMBER
control field 17474833
005 - DATE AND TIME OF LATEST TRANSACTION
control field 20240220000045.0
008 - FIXED-LENGTH DATA ELEMENTS--GENERAL INFORMATION
fixed length control field 120926s2012 ce b 001 0 eng
020 ## - INTERNATIONAL STANDARD BOOK NUMBER
ISBN 9789550762088
040 ## - CATALOGING SOURCE (பட்டியலாக்க மூலம்)
Original cataloging agency DLC
Language of cataloging eng
Transcribing agency DLC
Modifying agency DLC
Description conventions rda
Modifying agency DLC
082 ## - DDC Classification
DDC Edition Number 22
Class No. 320.9.
Item Number - Author Mark REF.
245 00 - TITLE STATEMENT
Title Reframing democracy :
Remainder of title perspectives on the cultures of inclusion and exclusion in contemporary Sri Lanka /
Statement of responsibility, etc. Jayadeva Uyangoda, Neloufer de Mel.
260 ## - PUBLICATION, DISTRIBUTION, ETC.
Place of publication, distribution, etc. Colombo .,
Name of publisher, distributor, etc. Social Scientists' Association ,
Date of publication, distribution, etc. 2012.
300 ## - PHYSICAL DESCRIPTION
Extent (e.g. Volumes, Pages etc.) xiv, 485 pages ;
650 #0 - SUBJECT ADDED ENTRY--TOPICAL TERM
Topical term or geographic name entry element Democratization
700 1# - ADDED ENTRY--PERSONAL NAME
Personal name Uyangoda, Jayadeva,
Relator term (Role)
700 1# - ADDED ENTRY--PERSONAL NAME
Personal name De Mel, Neloufer,
Relator term (Role)
856 41 - ELECTRONIC LOCATION AND ACCESS
Uniform Resource Identifier <a href="http://www.loc.gov/catdir/toc/fy13pdf04/2012337724.html">http://www.loc.gov/catdir/toc/fy13pdf04/2012337724.html</a>
942 ## - Koha item type (Biblio)
Koha item type Books in Stacks (Lending)
Holdings
Lost status Damaged status Collection code Home library Current library Date acquired Full call number Accession Number Item type
    Lending WERC Library WERC Library 02/20/2024 320.9. REF. 6743 Books in Stacks (Lending)

© WERC Library